Kazakh khans - Statistics

General Stats
  • This quiz has been taken 13 times
  • The average score is 8 of 17
Answer Stats
Hint Answer % Correct
1465-1473 Керей
100%
1473-1480 Жанибек
89%
1511-1518 Касым
89%
1841-1847 Кенесары
89%
1771-1781 Абылай
78%
1680-1715 Тауке
67%
1480-1511 Бурундук
56%
1598-1628 Есим
44%
1618-1652 Жангир
44%
1538-1580 Хакназар
33%
1582-1598 Тауекель
33%
1518-1523 Мамаш
22%
1718-1729 Болат
22%
1580-1582 Шигай
11%
1715-1718 Кайып
11%
1523-1533 Тахир
0%
1533-1537 Буйдаш
0%
No matching quizzes found
Score Distribution
Percent of People with Each Score
Percentile by Number Answered
Your Score History
You have not taken this quiz